Aplikácia metodiky Six Sigma na karosárni C-SUV v organizácii VW Slovakia, a.s.

Saved in:
Bibliographic Details
Main Author: Gergelová, Martina (Author)
Other Authors: Lestyánszka Škůrková, Katarína (Thesis advisor)
Format: Manuscript Book
Language:Slovak
Published: 2016
Subjects:
Online Access:http://is.stuba.sk/zp/portal_zp.pl?podrobnosti=119063
Tags: Add Tag
No Tags, Be the first to tag this record!

MARC

LEADER 00000ntm a22000003a 4500
001 stuzp57841
003 SK-STU
005 20160719155359.4
007 ta
008 150427s2015----xo-----f-mn---000-0-slo-d
040 |a STU  |b slo 
041 0 |a slo 
100 1 |a Gergelová, Martina  |u 064000  |k Z4  |4 aut  |U MTF Materiálovotechnologická fakulta  |T MTF Ústav priemyselného inžinierstva a manažmentu  |X 45903  |U M4000  |Y 84  |7 A000045903 
242 0 1 |a Application Six Sigma methodology in Body shop C-SUV in the organization VW Slovakia, a.s.  |y eng 
245 1 0 |a Aplikácia metodiky Six Sigma na karosárni C-SUV v organizácii VW Slovakia, a.s. 
260 |c 2016 
650 4 |a manažérstvo kvality  |2 slo 
650 4 |a zlepšovanie manažérstva kvality  |2 slo 
650 4 |a nástroje zlepšovania manažérstva kvality  |2 slo 
650 4 |a Six Sigma  |2 slo 
650 4 |a DMAIC  |2 slo 
650 4 |a quality management  |2 eng 
650 4 |a improvement of quality management  |2 eng 
650 4 |a tools quality management improvement  |2 eng 
650 4 |a Six Sigma  |2 eng 
650 4 |a DMAIC  |2 eng 
700 1 |a Lestyánszka Škůrková, Katarína  |u 064000  |k Z1  |4 ths  |U MTF Materiálovotechnologická fakulta  |T MTF Ústav priemyselného inžinierstva a manažmentu  |X 61397  |U M4000  |Y 84  |7 61397 
856 4 |u http://is.stuba.sk/zp/portal_zp.pl?podrobnosti=119063 
996 |c M* DP-12887  |l MMSKP  |s P  |a 0  |w stuzp57841_0001 
SQL |a stuzp57841  |b DDP  |c SLO  |d Aplikácia metodiky Six Sigma na karosárni C-SUV v organizácii VW Slovakia, a.s.  |e 45903  |f Gergelová, Martina  |g 064000  |h 61397  |i Lestyánszka Škůrková, Katarína  |j 20160607  |k 183  |l 06  |m http://is.stuba.sk/zp/portal_zp.pl?podrobnosti=119063  |n I-IKP  |o 5.2.57. kvalita produkcie